| Tag |
First Indicator |
Second Indicator |
Subfields |
| LEADER |
00000cam a2200000 4500 |
| 001 |
in00000158024 |
| 005 |
20151008072117.0 |
| 008 |
721213s1970 gw b 00000 ger |
| 010 |
|
|
|a 73493822
|
| 015 |
|
|
|a GDB***
|
| 035 |
|
|
|a (OCoLC)00513562
|
| 035 |
|
|
|9 AAS5816AM
|
| 040 |
|
|
|a DLC
|c OBE
|d TXA
|d UtOrBLW
|
| 041 |
0 |
|
|a ger
|a lat
|
| 049 |
|
|
|a TXAM
|c [1149165]
|
| 050 |
|
0 |
|a PT1755
|b .A4 1619a
|
| 100 |
1 |
|
|a Opitz, Martin,
|d 1597-1639.
|
| 245 |
1 |
0 |
|a Jugendschriften vor 1619. :
|b Faksimileausgabe des Janus Gruter gewidmeten Sammelbandes mit den handschriftlichen Erganzungen und Berichtigungen des Verfassers /
|c Hrsg. von Jorg-Ulrich Fechner.
|
| 264 |
|
1 |
|a Stuttgart :
|b J.B. Metzler,
|c [1970]
|
| 300 |
|
|
|a 96, 28 pages ;
|c 19 cm.
|
| 336 |
|
|
|a text
|b txt
|2 rdacontent
|
| 337 |
|
|
|a unmediated
|b n
|2 rdamedia
|
| 338 |
|
|
|a volume
|b nc
|2 rdacarrier
|
| 490 |
0 |
|
|a Sammlung Metzler, 88. Realienbucher fur Germanisten. Abt. G: Dokumentationen (Reihe b: Zu Unrecht vergessene Texte)
|
| 500 |
|
|
|a Latin or German.
|
| 504 |
|
|
|a Includes bibliographical references.
|
| 700 |
1 |
|
|a Fechner, Jörg-Ulrich.
|
| 999 |
|
|
|a MARS
|
| 999 |
f |
f |
|s 791ac055-c285-360c-988b-d82ca11d1938
|i 162b65ce-9770-326f-b9bc-f4d203bc1c61
|t 0
|
| 952 |
f |
f |
|p ric
|a Texas A&M University
|b Rellis Campus
|c Joint Library Facility
|d Remote Storage
|t 0
|e PT1755 .A4 1619a
|h Library of Congress classification
|i unmediated -- volume
|m A14804146978
|
| 998 |
f |
f |
|a PT1755 .A4 1619a
|t 0
|l Remote Storage
|